| 000 | 01103cam a22003014a 4500 | ||
|---|---|---|---|
| 001 | 12231379 | ||
| 003 | OSt | ||
| 005 | 20231002092923.0 | ||
| 008 | 001115s2001 caua b 001 0 eng | ||
| 010 | _a 00111076 | ||
| 020 | _a0120417529 (pbk. : acidfree paper) | ||
| 020 | _a0120417537 (CDROM) | ||
| 040 |
_aDLC _cDDC _dDLC |
||
| 042 | _apcc | ||
| 050 | 0 | 0 |
_aQA303.5.D37 _bA24 2001 |
| 082 | 0 | 0 | _a515ABE 2001 |
| 100 | 1 |
_aAberth, Oliver. _915860 |
|
| 245 | 1 | 0 | _aComputable Calculus |
| 260 |
_aSan Diego; _bAcademic Press, _cc,2001. |
||
| 300 |
_axiii, 192 p. : _bill. ; _c24 cm. + _e1 computer optical disc (4 3/4 in.) |
||
| 504 | _aIncludes bibliographical references (p. 185-188) and index. | ||
| 650 | 0 |
_aCalculus _915861 |
|
| 856 | 4 | 2 |
_3Publisher description _uhttp://www.loc.gov/catdir/description/els031/00111076.html |
| 856 | 4 | 1 |
_3Table of contents _uhttp://www.loc.gov/catdir/toc/els031/00111076.html |
| 906 |
_a7 _bcbc _corignew _d2 _eepcn _f20 _gy-gencatlg |
||
| 942 |
_2ddc _cO_SHELF |
||
| 999 |
_c7786 _d7786 |
||